| 000 | 00000nam 2200000zi 4500 |
| 001 | 9.879495 |
| 003 | CaOODSP |
| 005 | 20221107165529 |
| 006 | m o d f |
| 007 | cr ||||||||||| |
| 008 | 190920t19831983onc ob f00| 0 fre d |
| 040 | |aCaOODSP|bfre|erda|cCaOODSP |
| 043 | |an-cn--- |
| 086 | 1 |aEn73-4/27F-PDF |
| 100 | 1 |aMacenko, Sandy, |eauteur. |
| 245 | 10|aAperçu général de la gestion des terres de la Couronne au Canada / |cS.L. Macenko et V.P. Neimanis. |
| 264 | 1|a[Ottawa] : |bDirection de la politique et de la recherche sur les terres, Direction générale des terres, Environnement Canada, |cAoût 1983. |
| 300 | |a1 ressource en ligne (vii, 95 pages). |
| 336 | |atexte|btxt|2rdacontent/fre |
| 337 | |ainformatique|bc|2rdamedia/fre |
| 338 | |aressource en ligne|bcr|2rdacarrier/fre |
| 490 | 1 |aDocument de travail ; |vno. 27 |
| 500 | |aÉdition numérisée de l’imprimé [par Environnement et Changement climatique Canada]. |
| 500 | |aPubl. aussi en anglais sous le titre : An overview of crown land management in Canada. |
| 504 | |aComprend des références bibliographiques (pages 91-92). |
| 520 | 3 |a« Le présent document donne un aperçu général de l'organisation de la gestion des terres de la Couronne au sein des 11 autorités compétentes; la majorité des informations qu'il contient ont été recueillies lors d'une enquête nationale »--Résumé. |
| 692 | 07|2gccst|aGestion des terres |
| 692 | 07|2gccst|aTerres de la Couronne |
| 700 | 1 |aNeimanis, V. P., |eauteur. |
| 710 | 1 |aCanada. |bEnvironnement Canada. |
| 710 | 1 |aCanada. |bDirection générale des terres. |
| 710 | 1 |aCanada. |bDirection de la politique et de la recherche sur les terres. |
| 775 | 08|tAn overview of crown land management in Canada / |w(CaOODSP)9.879339 |
| 830 | #0|aDocument de travail (Canada. Direction générale des terres)|vno. 27.|w(CaOODSP)9.830995 |
| 856 | 40|qPDF|s7.47 Mo|uhttps://publications.gc.ca/collections/collection_2019/eccc/en73-4/En73-4-27-fra.pdf |